Statistiques concernant Messi , Pepsi ou les 2

Cliquez ici pour prendre le quiz!

Statistiques générales

  • Ce quiz a été pris 111 fois
  • Le résultat moyen est 7 sur 10

Statistiques - réponses

QuestionRéponse% Correct
Il n'a jamais remporté la LDC
90%
Il est sponsorisé adidas
82%
Il fait du 36
80%
Il est moins bon chaud
79%
Il sait comment voler une CDM :(
79%
Ses couleurs favorites son le bleu et le rouge
75%
Il est sucré
70%
Il est originaire d'amérique
62%
Il est éternel 2ème derrière son rival
44%
Il fait moins de 1m60
37%

Distribution des résultats

Percentile par nombre de réponses

% des personnes avec chaque résultat

Votre développement - résultats

Vous n’avez pas pris ce quiz